| Tag |
First Indicator |
Second Indicator |
Subfields |
| LEADER |
00000cas a2200000 a 4500 |
| 001 |
in00001702821 |
| 005 |
20211202194922.0 |
| 008 |
951016c199u9999dcuuu bs f0 a0eng d |
| 010 |
|
|
|a 2002230706
|
| 035 |
|
|
|a (OCoLC)ocm33311030
|
| 037 |
|
|
|b Supt. of Docs., U.S. Govt. Print. Off., Washington, DC 20402-9328
|
| 040 |
|
|
|a GAO
|c GAO
|d OCL
|d GPO
|d MvI
|d UtOrBLW
|
| 042 |
|
|
|a lcd
|
| 043 |
|
|
|a n-us---
|
| 049 |
|
|
|a UDOC
|
| 049 |
|
|
|a WWW
|
| 074 |
|
|
|a 0142-C-08
|
| 074 |
|
|
|a 0142-C-08 (online)
|
| 086 |
0 |
|
|a C 3.186:P-70/2/
|
| 090 |
|
|
|a HA203.A222
|b P76
|
| 245 |
0 |
0 |
|a Dynamics of economic well-being--program participation, who gets assistance?
|
| 246 |
3 |
|
|a Dynamics of economic well being--program participation, who gets assistance
|
| 264 |
|
1 |
|a Washington, DC :
|b U.S. Dept. of Commerce, Economics and Statistics Administration, Bureau of the Census :
|
| 264 |
|
2 |
|a Washington, DC :
|b For sale by the Supt. of Docs., U.S. G.P.O.
|
| 300 |
|
|
|a volumes :
|b illustrations ;
|c 28 cm.
|
| 336 |
|
|
|a text
|b txt
|2 rdacontent
|
| 337 |
|
|
|a unmediated
|b n
|2 rdamedia
|
| 338 |
|
|
|a volume
|b nc
|2 rdacarrier
|
| 490 |
1 |
|
|a Current population reports. P70, Household economic studies
|
| 500 |
|
|
|a Description based on: 1990-1992, title from caption.
|
| 504 |
|
|
|a Volume for <1990-1992>: Includes bibliographical references.
|
| 530 |
|
|
|a Also available via Internet from the U.S. Census Bureau. Address as of 10/22/02: http://www.census.gov/mp/www/pub/pop/mspop12.html; current access available via PURL.
|
| 550 |
|
|
|a Vol. for 1990-1992: SIPP, Survey of Income and Program Participation.
|
| 650 |
|
0 |
|a Economic assistance, Domestic
|z United States
|v Statistics.
|
| 650 |
|
0 |
|a Public welfare
|z United States
|v Statistics.
|
| 710 |
1 |
|
|a United States.
|b Bureau of the Census.
|
| 710 |
2 |
|
|a Survey of Income and Program Participation (Program)
|
| 830 |
|
0 |
|a Current population reports.
|n Series P-70,
|p Household economic studies.
|
| 856 |
4 |
1 |
|u https://purl.fdlp.gov/GPO/LPS23430
|t 0
|
| 999 |
|
|
|a MARS
|
| 999 |
f |
f |
|s 34f5271b-0970-3b5f-b8b4-74540e96f714
|i 48301c08-c6f0-3f5d-abc8-1af0345f6620
|t 0
|
| 952 |
f |
f |
|a Texas A&M University
|b College Station
|c Sterling C. Evans Library
|d Evans: US Documents (Annex 5th floor)
|t 0
|e C 3.186:P-70/2/
|h Superintendent of Documents classification
|
| 952 |
f |
f |
|a Texas A&M University
|b College Station
|c Electronic Resources
|d Available Online
|t 0
|e C 3.186:P-70/2/
|h Superintendent of Documents classification
|
| 998 |
f |
f |
|a C 3.186:P-70/2/
|s P70-77=1993/1995
|t 0
|l Evans: US Documents (Annex 5th floor)
|
| 998 |
f |
f |
|a C 3.186:P-70/2/
|t 0
|l Available Online
|